[Event "SVK-ch U12"]
[Site "Tatralandia"]
[Date "2024.04.06"]
[Round "2"]
[White "Halada, Lubos"]
[Black "Pisarcik, Richard"]
[Result "0-1"]
[WhiteElo "1481"]
[BlackElo "1710"]
[PlyCount "76"]
[EventDate "2024.04.05"]
[EventType "swiss"]
[EventRounds "9"]
[EventCountry "SVK"]
[SourceTitle "CB16_2024"]
[SourceDate "2024.04.17"]
[SourceVersion "1"]
[SourceVersionDate "2024.04.17"]
[SourceQuality "1"]

1. d4 d5 2. Bf4 Nf6 3. e3 e6 4. Nf3 c5 5. c3 Bd6 6. Bg3 Nc6 7. Nbd2 0-0 8. Bd3 b6 9. 0-0 Bb7 10. Re1 Ne7 11. e4 dxe4 12. Nxe4 Nxe4 13. Bxe4 Bxe4 14. Rxe4 Ng6 15. Qe2 Bc7 16. dxc5 bxc5 17. Ne5 Bxe5 18. Bxe5 f6 19. Rd1 Qb6 20. Bd6 Rfd8 21. Rxe6 Nf4 22. Bxf4 Rxd1+ 23. Qxd1 Qxe6 24. Qb3 Qxb3 25. axb3 Rd8 26. Kf1 Kf7 27. Ke2 Ke6 28. Be3 Kd5 29. c4+ Kc6 30. Bd2 h5 31. Bc3 Rb8 32. Ke3 Kd6 33. Kf4 Ke6 34. f3 Rxb3 35. g4 hxg4 36. fxg4 g5+ 37. Kg3 a5 38. h4 Rxc3+ 0-1

[Event "SVK-ch U12"]
[Site "Tatralandia"]
[Date "2024.04.05"]
[Round "1"]
[White "Pisarcik, Richard"]
[Black "Edes, Zalan"]
[Result "1-0"]
[WhiteElo "1710"]
[BlackElo "1000"]
[PlyCount "67"]
[EventDate "2024.04.05"]
[EventType "swiss"]
[EventRounds "9"]
[EventCountry "SVK"]
[SourceTitle "CB16_2024"]
[SourceDate "2024.04.17"]
[SourceVersion "1"]
[SourceVersionDate "2024.04.17"]
[SourceQuality "1"]

1. e4 e5 2. Nf3 Nc6 3. d4 exd4 4. Bc4 Nf6 5. e5 Ng4 6. 0-0 Bc5 7. h3 Ngxe5 8. Nxe5 Nxe5 9. Re1 d6 10. f4 Bb4 11. c3 dxc3 12. bxc3 Bc5+ 13. Kh1 Bxh3 14. Qh5 0-0 15. fxe5 Qd7 16. Qxh3 Qa4 17. Bd3 h6 18. Bxh6 gxh6 19. Qxh6 f5 20. exf6 Rf7 21. Nd2 Qb5 22. Bxb5 Rh7 23. Qxh7+ Kxh7 24. Re8 Rxe8 25. Bxe8 Kg8 26. f7+ Kf8 27. Ne4 Ba3 28. Ng5 Bb2 29. Nh7+ Kg7 30. f8Q+ Kxh7 31. Qf6 Bxa1 32. Qg6+ Kh8 33. Bf7 Bxc3 34. Qg8# 1-0

[Event "Modra Slovakia op"]
[Site "Modra"]
[Date "2024.03.03"]
[Round "4"]
[White "Pisarcik, Richard"]
[Black "Mruskovic, Radoslav"]
[Result "0-1"]
[WhiteElo "1855"]
[BlackElo "1933"]
[PlyCount "92"]
[EventDate "2024.03.01"]
[EventType "swiss"]
[EventRounds "9"]
[EventCountry "SVK"]
[SourceTitle "CB11_2024"]
[SourceDate "2024.03.13"]
[SourceVersion "1"]
[SourceVersionDate "2024.03.13"]
[SourceQuality "1"]

1. e4 d6 2. d4 g6 3. Nc3 Bg7 4. Be2 Nf6 5. g4 b6 6. g5 Nfd7 7. Be3 Bb7 8. f3 c5 9. Qd2 Nc6 10. d5 Nd4 11. Bxd4 Bxd4 12. f4 a6 13. Nf3 Bg7 14. 0-0-0 b5 15. Rde1 Qa5 16. e5 b4 17. Nb1 dxe5 18. fxe5 Qxa2 19. Qf4 Bxd5 20. Rhf1 0-0 21. h4 Nb6 22. h5 Na4 23. Kd2 Rad8 24. Ke3 Qxb2 25. Rc1 Bxf3 26. Kxf3 Qxe5 27. Qxe5 Bxe5 28. Bxa6 Rd4 29. Rfe1 f6 30. Kg2 Rg4+ 31. Kf3 Rxg5 32. hxg6 hxg6 33. Rh1 Rg3+ 34. Kf2 Nc3 35. Nxc3 Rxc3 36. Ke2 Bf4 37. Rcg1 Rxc2+ 38. Kf3 Bg5 39. Ke4 Rd8 40. Rd1 Rxd1 41. Rxd1 Rd2 42. Ra1 Rd4+ 43. Kf3 c4 44. Ra4 c3 45. Bc8 Kf7 46. Ra2 b3 0-1

[Event "Modra Slovakia op"]
[Site "Modra"]
[Date "2024.03.01"]
[Round "1"]
[White "Li, Geng Hui"]
[Black "Pisarcik, Richard"]
[Result "1-0"]
[WhiteElo "1555"]
[BlackElo "1855"]
[PlyCount "83"]
[EventDate "2024.03.01"]
[EventType "swiss"]
[EventRounds "9"]
[EventCountry "SVK"]
[SourceTitle "CB11_2024"]
[SourceDate "2024.03.13"]
[SourceVersion "1"]
[SourceVersionDate "2024.03.13"]
[SourceQuality "1"]

1. d4 d5 2. c4 e6 3. Nc3 Nf6 4. Nf3 Be7 5. Bf4 h6 6. e3 b6 7. Be2 Bb7 8. Rc1 0-0 9. 0-0 c5 10. a3 Nc6 11. Ne5 Rc8 12. Nb1 cxd4 13. exd4 Nxe5 14. dxe5 Ne4 15. Nd2 Bg5 16. Bxg5 Qxg5 17. Nf3 Qg6 18. Nh4 Qg5 19. Nf3 Qf5 20. Qd4 Rfd8 21. cxd5 Rxc1 22. Rxc1 Rxd5 23. Qa4 Rxe5 24. Bd3 g6 25. Qxa7 Qf4 26. Rd1 Rd5 27. Qxb7 Rxd3 28. Qc8+ Kh7 29. Rxd3 g5 30. Qc2 Kg7 31. Rd4 f5 32. Rd7+ Kg6 33. Qc8 Nf6 34. Rd1 e5 35. Qe6 Qa4 36. Rf1 g4 37. Nxe5+ Kg5 38. Nf7+ Kg6 39. Nd6 Qd4 40. Qxf5+ Kg7 41. Qe6 Kg6 42. Ne8 1-0

[Event "Bratislava exe op"]
[Site "Bratislava"]
[Date "2023.09.23"]
[Round "9"]
[White "Jancura, Andrej"]
[Black "Pisarcik, Richard"]
[Result "1/2-1/2"]
[WhiteElo "1845"]
[BlackElo "1590"]
[PlyCount "81"]
[EventDate "2023.09.15"]
[EventType "swiss"]
[EventRounds "9"]
[EventCountry "SVK"]
[SourceTitle "EXT 2024"]
[Source "ChessBase"]
[SourceDate "2023.10.10"]
[SourceVersion "1"]
[SourceVersionDate "2023.10.10"]
[SourceQuality "1"]

1. Nf3 d5 2. d4 Nf6 3. g3 e6 4. Bg2 Be7 5. c4 0-0 6. Qc2 a6 7. 0-0 dxc4 8. Qxc4 b5 9. Qc2 Bb7 10. Rd1 Nbd7 11. Be3 Nb6 12. Ne5 Bxg2 13. Kxg2 Nbd5 14. Bd2 Nb6 15. Ba5 Re8 16. Bxb6 cxb6 17. e4 Rc8 18. Qd3 Bd6 19. Nf3 Bb8 20. Nbd2 e5 21. d5 Bd6 22. Rac1 Nd7 23. a3 Nc5 24. Qe2 Na4 25. Nf1 Qd7 26. Ne3 g6 27. Ne1 Nc5 28. Ng4 Kg7 29. f3 f5 30. Nf2 Nb3 31. Rc3 Nd4 32. Qd2 a5 33. Rdc1 b4 34. Rd3 Rxc1 35. Qxc1 Rc8 36. Qd2 bxa3 37. bxa3 a4 38. f4 Nb3 39. Qb2 Qb5 40. Nf3 Bxa3 41. Qxe5+ 1/2-1/2

[Event "Bratislava exe op"]
[Site "Bratislava"]
[Date "2023.09.22"]
[Round "8"]
[White "Pisarcik, Richard"]
[Black "Kukan, Michal"]
[Result "0-1"]
[WhiteElo "1590"]
[BlackElo "1772"]
[PlyCount "84"]
[EventDate "2023.09.15"]
[EventType "swiss"]
[EventRounds "9"]
[EventCountry "SVK"]
[SourceTitle "EXT 2024"]
[Source "ChessBase"]
[SourceDate "2023.10.10"]
[SourceVersion "1"]
[SourceVersionDate "2023.10.10"]
[SourceQuality "1"]

1. e4 d6 2. d4 g6 3. Nc3 Bg7 4. Be2 Nc6 5. d5 Nd4 6. Bc4 a6 7. Be3 c5 8. dxc6 Nxc6 9. Nd5 Rb8 10. Bb6 Qd7 11. Nc7+ Kf8 12. Qf3 Bf6 13. 0-0-0 Ne5 14. Qb3 Qg4 15. Ba7 Bg5+ 16. Be3 Bxe3+ 17. fxe3 Qxg2 18. Ne2 Nxc4 19. Qxc4 Bg4 20. Nf4 Qf2 21. Rhf1 Qxe3+ 22. Kb1 Nf6 23. Rde1 Qc5 24. Qxc5 dxc5 25. e5 Nh5 26. Nxh5 gxh5 27. e6 f5 28. Nd5 Rd8 29. Nf6 Kg7 30. Nxg4 hxg4 31. Rxf5 Kg6 32. Rxc5 Rd2 33. Rc7 Rhd8 34. b3 Rxh2 35. Rxe7 g3 36. Rxb7 g2 37. e7 Re8 38. Rb6+ Kf7 39. Rb4 Rxe7 40. Rf4+ Ke8 41. Ref1 gxf1Q+ 42. Rxf1 Ree2 0-1

[Event "Bratislava exe op"]
[Site "Bratislava"]
[Date "2023.09.20"]
[Round "6"]
[White "Pisarcik, Richard"]
[Black "Kucera, Michal"]
[Result "1-0"]
[WhiteElo "1590"]
[BlackElo "1829"]
[PlyCount "132"]
[EventDate "2023.09.15"]
[EventType "swiss"]
[EventRounds "9"]
[EventCountry "SVK"]
[SourceTitle "EXT 2024"]
[Source "ChessBase"]
[SourceDate "2023.10.10"]
[SourceVersion "1"]
[SourceVersionDate "2023.10.10"]
[SourceQuality "1"]

1. e4 c5 2. Nf3 Nc6 3. c3 Nf6 4. e5 Nd5 5. d4 cxd4 6. cxd4 d6 7. Bc4 Nb6 8. Bb3 dxe5 9. Nxe5 Bd7 10. Nxc6 bxc6 11. Be3 g6 12. 0-0 Bg7 13. Nc3 0-0 14. a4 Nd5 15. Qc2 a5 16. Rac1 Kh8 17. Qe4 Nb4 18. Be6 f5 19. Bxd7 Qxd7 20. Qf3 Kg8 21. h3 g5 22. Rfd1 f4 23. Bd2 Qf5 24. Ne4 h5 25. Bxb4 g4 26. Qb3+ Kh8 27. Rc5 Qxe4 28. Rxh5+ Bh6 29. Rxh6+ Kg7 30. Qe6 Qxe6 31. Rxe6 axb4 32. Rxe7+ Kf6 33. Rde1 gxh3 34. gxh3 Rxa4 35. R1e6+ Kg5 36. Rxc6 f3 37. Re5+ Rf5 38. h4+ Kf4 39. Rxf5+ Kxf5 40. h5 Kg4 41. Kh2 Kxh5 42. Rb6 b3 43. Rxb3 Rxd4 44. Rxf3 Rd2 45. b3 Rb2 46. Kg3 Kg5 47. Rc3 Rb1 48. Rc5+ Kf6 49. Rb5 Rc1 50. Kf4 Ke6 51. f3 Rf1 52. b4 Kd6 53. Ke4 Rc1 54. Kf5 Rh1 55. Rb6+ Kc7 56. Re6 Kd7 57. Re4 Rb1 58. f4 Rh1 59. Kg5 Rg1+ 60. Kf6 Rb1 61. Kf7 Kd6 62. Rd4+ Kc6 63. f5 Rg1 64. f6 Rg2 65. Kf8 Rg1 66. f7 Rg2 1-0

[Event "Bratislava exe op"]
[Site "Bratislava"]
[Date "2023.09.15"]
[Round "1"]
[White "Salgovic, Simon"]
[Black "Pisarcik, Richard"]
[Result "1-0"]
[WhiteElo "2161"]
[BlackElo "1590"]
[PlyCount "59"]
[EventDate "2023.09.15"]
[EventType "swiss"]
[EventRounds "9"]
[EventCountry "SVK"]
[SourceTitle "EXT 2024"]
[Source "ChessBase"]
[SourceDate "2023.10.10"]
[SourceVersion "1"]
[SourceVersionDate "2023.10.10"]
[SourceQuality "1"]

1. e4 e5 2. Nf3 Nc6 3. Bb5 Nf6 4. 0-0 Nxe4 5. d4 Nd6 6. dxe5 Nxb5 7. a4 Nbd4 8. Nxd4 Nxd4 9. Qxd4 d5 10. Nc3 c6 11. Qd3 Be7 12. Qg3 g6 13. Bh6 Be6 14. Ne2 Qd7 15. c3 Rg8 16. Bg5 0-0-0 17. b4 h6 18. Bxe7 Qxe7 19. Qe3 Kb8 20. Nd4 g5 21. Rfb1 g4 22. b5 c5 23. Nc6+ bxc6 24. bxc6+ Kc8 25. Rb7 d4 26. cxd4 cxd4 27. Qd3 Rd7 28. cxd7+ Kxb7 29. Qb5+ Kc7 30. Rc1+ 1-0

[Event "Bratislava Rintel Memorial 50th"]
[Site "Bratislava"]
[Date "2023.08.22"]
[Round "4"]
[White "Pisarcik, Richard"]
[Black "Hitka, Dominik"]
[Result "0-1"]
[WhiteElo "1550"]
[BlackElo "1316"]
[PlyCount "68"]
[EventDate "2023.08.21"]
[EventType "swiss"]
[EventRounds "9"]
[EventCountry "SVK"]
[SourceTitle "EXT 2024"]
[Source "ChessBase"]
[SourceDate "2023.10.10"]
[SourceVersion "1"]
[SourceVersionDate "2023.10.10"]
[SourceQuality "1"]

1. e4 e5 2. Nf3 d6 3. Bc4 Nf6 4. Nc3 Be7 5. d4 exd4 6. Nxd4 0-0 7. Be3 Nbd7 8. Qd2 Ne5 9. Bb3 b6 10. f3 c5 11. Nde2 Bb7 12. a3 Qc7 13. h3 Bc6 14. 0-0 Qb7 15. Rad1 Rad8 16. f4 Nxe4 17. Nxe4 Bxe4 18. fxe5 dxe5 19. Bxf7+ Kh8 20. Qe1 Bxg2 21. Rxd8 Bxd8 22. Rf2 Bh4 23. Kh2 Bxf2 24. Qxf2 Bc6 25. Ng3 Qxf7 26. Qd2 Qf6 27. Nh5 Qg6 28. Ng3 h5 29. Bg5 Qf7 30. Kg1 Qf3 31. Bh4 g5 32. b3 Qf4 33. Qe2 gxh4 34. Qxh5+ Kg7 0-1

[Event "SVK-ch Amateurs"]
[Site "Liptovsky Jan"]
[Date "2023.06.18"]
[Round "8"]
[White "Pisarcik, Richard"]
[Black "Stevik, Patrik"]
[Result "1-0"]
[WhiteElo "1549"]
[BlackElo "1312"]
[PlyCount "71"]
[EventDate "2023.06.15"]
[EventType "swiss"]
[EventRounds "8"]
[EventCountry "SVK"]
[SourceTitle "CBM 214 Extra"]
[Source "ChessBase"]
[SourceDate "2023.07.31"]
[SourceVersion "1"]
[SourceVersionDate "2023.07.31"]
[SourceQuality "1"]

1. e4 b6 2. d4 Bb7 3. Bd3 Nf6 4. Nd2 e6 5. Ngf3 d6 6. Qe2 Be7 7. c3 c5 8. Nf1 h6 9. Ng3 Nbd7 10. a4 e5 11. d5 a6 12. Bd2 Qc8 13. h3 a5 14. Nf5 Bf8 15. Rc1 Ba6 16. Bb5 Bxb5 17. axb5 g6 18. Ng3 Bg7 19. b3 Ra7 20. 0-0 Qd8 21. b4 axb4 22. cxb4 Ra2 23. Ra1 Qa8 24. Rxa2 Qxa2 25. Re1 cxb4 26. Bxb4 Qxe2 27. Rxe2 Nc5 28. Bxc5 dxc5 29. Nxe5 Nd7 30. Nc6 Ne5 31. Ra2 Kd7 32. Ra7+ Kd6 33. f4 Nxc6 34. bxc6 Bd4+ 35. Kh2 f6 36. Rd7# 1-0

[Event "SVK-ch Amateurs"]
[Site "Liptovsky Jan"]
[Date "2023.06.17"]
[Round "6"]
[White "Pisarcik, Richard"]
[Black "Cervenka, Robert"]
[Result "1-0"]
[WhiteElo "1549"]
[BlackElo "1000"]
[PlyCount "39"]
[EventDate "2023.06.15"]
[EventType "swiss"]
[EventRounds "8"]
[EventCountry "SVK"]
[SourceTitle "CBM 214 Extra"]
[Source "ChessBase"]
[SourceDate "2023.07.31"]
[SourceVersion "1"]
[SourceVersionDate "2023.07.31"]
[SourceQuality "1"]

1. e4 c6 2. d4 d5 3. e5 Bf5 4. h4 h6 5. g4 Be4 6. f3 Bh7 7. e6 Qd6 8. exf7+ Kxf7 9. Ne2 e5 10. c3 Nd7 11. f4 exf4 12. Bxf4 Qe6 13. Bh3 Qe4 14. Rg1 Ngf6 15. Nd2 Qe6 16. Nf3 Bd6 17. Bxd6 Qxd6 18. g5 Ne4 19. Bxd7 Qxd7 20. Ne5+ 1-0

[Event "SVK-ch Amateurs"]
[Site "Liptovsky Jan"]
[Date "2023.06.16"]
[Round "3"]
[White "Simkovic, Eduard"]
[Black "Pisarcik, Richard"]
[Result "1-0"]
[WhiteElo "1816"]
[BlackElo "1549"]
[PlyCount "93"]
[EventDate "2023.06.15"]
[EventType "swiss"]
[EventRounds "8"]
[EventCountry "SVK"]
[SourceTitle "CBM 214 Extra"]
[Source "ChessBase"]
[SourceDate "2023.07.31"]
[SourceVersion "1"]
[SourceVersionDate "2023.07.31"]
[SourceQuality "1"]

1. Nf3 Nf6 2. c4 e6 3. d4 d5 4. Nc3 Be7 5. Bf4 0-0 6. e3 b6 7. Qc2 Bb7 8. 0-0-0 Nbd7 9. Kb1 Rc8 10. cxd5 Nxd5 11. Nxd5 exd5 12. Bd3 Nf6 13. Bf5 Ra8 14. Qxc7 Qxc7 15. Bxc7 Bc8 16. Bxc8 Ne4 17. Bg3 Raxc8 18. Rc1 h5 19. Rxc8 Rxc8 20. Rc1 Rxc1+ 21. Kxc1 g5 22. Nd2 Nxg3 23. hxg3 g4 24. Nb1 Kg7 25. Nc3 Bb4 26. a3 Bxc3 27. bxc3 a5 28. a4 Kf6 29. Kc2 Ke6 30. Kd3 Kd6 31. c4 f5 32. f3 Ke6 33. c5 bxc5 34. dxc5 Kd7 35. Kd4 Ke6 36. f4 Kd7 37. Kxd5 Kc7 38. c6 Kc8 39. Kd6 Kd8 40. c7+ Kc8 41. Kc6 h4 42. gxh4 g3 43. Kd6 Kb7 44. Kd7 Kb6 45. c8Q Ka7 46. h5 Kb6 47. h6 1-0

[Event "SVK-ch Amateurs"]
[Site "Liptovsky Jan"]
[Date "2023.06.15"]
[Round "1"]
[White "Skreko, Igor1111"]
[Black "Pisarcik, Richard"]
[Result "1-0"]
[WhiteElo "2116"]
[BlackElo "1549"]
[PlyCount "57"]
[EventDate "2023.06.15"]
[EventType "swiss"]
[EventRounds "8"]
[EventCountry "SVK"]
[SourceTitle "CBM 214 Extra"]
[Source "ChessBase"]
[SourceDate "2023.07.31"]
[SourceVersion "1"]
[SourceVersionDate "2023.07.31"]
[SourceQuality "1"]

1. d4 d5 2. c4 e6 3. Nc3 Nf6 4. cxd5 exd5 5. Bg5 Be7 6. e3 0-0 7. Bd3 Be6 8. Nge2 Nbd7 9. 0-0 c5 10. Bc2 h6 11. Bh4 Rc8 12. Rc1 a6 13. h3 c4 14. f3 Nh7 15. Bxe7 Qxe7 16. e4 Nb6 17. e5 f5 18. Nf4 Qf7 19. Qd2 g5 20. Nxe6 Qxe6 21. f4 Kh8 22. g4 Qg8 23. Bxf5 Rxf5 24. gxf5 gxf4+ 25. Kh1 Ng5 26. Qxf4 Qh7 27. h4 Nf7 28. e6 Ng5 29. hxg5 1-0

[Event "SVK-ch U12"]
[Site "Dudince"]
[Date "2023.04.21"]
[Round "7"]
[White "Pisarcik, Richard"]
[Black "Prochazka, Michal"]
[Result "0-1"]
[WhiteElo "1506"]
[BlackElo "1367"]
[PlyCount "116"]
[EventDate "2023.04.16"]
[EventType "swiss"]
[EventRounds "9"]
[EventCountry "SVK"]
[SourceTitle "CBM 213 Extra"]
[Source "ChessBase"]
[SourceDate "2023.05.31"]
[SourceVersion "1"]
[SourceVersionDate "2023.05.31"]
[SourceQuality "1"]

1. e4 d5 2. exd5 Nf6 3. d4 Nxd5 4. c4 Nb6 5. Nc3 g6 6. Nf3 Bg7 7. Be3 0-0 8. Be2 Nc6 9. 0-0 e5 10. d5 Ne7 11. Qd2 Nf5 12. Rad1 Re8 13. Qc2 Qe7 14. Nb5 a6 15. c5 Nxd5 16. Rxd5 axb5 17. a3 c6 18. Rd2 Be6 19. Rfd1 Rad8 20. h3 Bd5 21. Nh2 Qe6 22. Qc1 Rd7 23. Bg4 Red8 24. Nf3 h5 25. Bxf5 Qxf5 26. Nh4 Qe6 27. Kh2 f5 28. Bg5 Bf6 29. Bxf6 Qxf6 30. Nf3 Qe6 31. Qc3 Bxf3 32. Rxd7 Rxd7 33. Qxf3 Rxd1 34. Qxd1 Qd5 35. Qc1 Qd4 36. Qe3 Qxe3 37. fxe3 Kf7 38. Kg3 g5 39. Kf3 Ke6 40. g4 fxg4+ 41. hxg4 hxg4+ 42. Kxg4 Kf6 43. e4 Kg6 44. b3 Kh6 45. Kf5 Kh5 46. Kxe5 g4 47. Kf4 Kh4 48. Ke3 g3 49. e5 Kh3 50. e6 g2 51. Ke4 g1Q 52. Kf5 Qxc5+ 53. Kg6 Qf8 54. a4 bxa4 55. bxa4 Kg4 56. a5 Qf5+ 57. Kg7 Qxe6 58. Kh8 Qe7 0-1

[Event "SVK-ch U12"]
[Site "Dudince"]
[Date "2023.04.17"]
[Round "3"]
[White "Meszaros, Casey Ryan"]
[Black "Pisarcik, Richard"]
[Result "1-0"]
[WhiteElo "1881"]
[BlackElo "1506"]
[PlyCount "119"]
[EventDate "2023.04.16"]
[EventType "swiss"]
[EventRounds "9"]
[EventCountry "SVK"]
[SourceTitle "CBM 213 Extra"]
[Source "ChessBase"]
[SourceDate "2023.05.31"]
[SourceVersion "1"]
[SourceVersionDate "2023.05.31"]
[SourceQuality "1"]

1. Nf3 d5 2. g3 g6 3. Bg2 Bg7 4. 0-0 e5 5. d3 Ne7 6. Nbd2 0-0 7. e4 d4 8. Nb3 b6 9. Nh4 c5 10. f4 Nd7 11. Bh3 Nf6 12. f5 Rb8 13. g4 c4 14. Nd2 c3 15. Nb3 Nc6 16. Nf3 h5 17. g5 Ng4 18. bxc3 dxc3 19. Bxg4 hxg4 20. Nh4 Nd4 21. Nxd4 Qxd4+ 22. Kg2 gxf5 23. Nxf5 Bxf5 24. Rxf5 Qa4 25. Rf2 f6 26. gxf6 Bxf6 27. Qxg4+ Bg7 28. Bh6 Rxf2+ 29. Kxf2 Rf8+ 30. Kg1 Qd4+ 31. Kh1 Rf7 32. Rg1 Qd7 33. Bxg7 Qxg4 34. Rxg4 Rxg7 35. Rxg7+ Kxg7 36. Kg2 b5 37. Kf2 a5 38. Ke2 b4 39. Kd1 a4 40. Kc1 a3 41. Kd1 Kf6 42. Ke2 Kg5 43. Ke3 Kg4 44. Ke2 Kg5 45. d4 exd4 46. Kd3 Kf6 47. h4 Kg6 48. Kc4 Kf6 49. h5 Kg5 50. Kxb4 d3 51. Kxc3 dxc2 52. Kxc2 Kxh5 53. Kd3 Kg6 54. Kd4 Kf7 55. Kd5 Ke7 56. Ke5 Kd7 57. Kf6 Kc7 58. e5 Kd8 59. e6 Ke8 60. e7 1-0

[Event "SVK-ch U12"]
[Site "Dudince"]
[Date "2023.04.17"]
[Round "2"]
[White "Pisarcik, Richard"]
[Black "Brnusak, Simon"]
[Result "1-0"]
[WhiteElo "1506"]
[BlackElo "1185"]
[PlyCount "53"]
[EventDate "2023.04.16"]
[EventType "swiss"]
[EventRounds "9"]
[EventCountry "SVK"]
[SourceTitle "CBM 213 Extra"]
[Source "ChessBase"]
[SourceDate "2023.05.31"]
[SourceVersion "1"]
[SourceVersionDate "2023.05.31"]
[SourceQuality "1"]

1. e4 c5 2. c3 e6 3. d4 cxd4 4. cxd4 Nf6 5. Nc3 Bb4 6. Bg5 Qa5 7. Bd2 0-0 8. Bd3 Nc6 9. Nf3 Re8 10. e5 Nd5 11. Bxh7+ Kf8 12. Qc1 Re7 13. a3 Bxc3 14. bxc3 Qa6 15. c4 Nb6 16. Bd3 Na4 17. Bb4 Nxb4 18. axb4 b6 19. Qa3 Qb7 20. Qxa4 Qc7 21. Be4 Bb7 22. Bxb7 Qxb7 23. Qc2 Kg8 24. 0-0 Rc8 25. Qd3 Qc6 26. Ng5 g6 27. Qh3 1-0

[Event "Pobeskydy Talents op 42nd"]
[Site "Frydek Mistek"]
[Date "2023.04.08"]
[Round "6"]
[White "Jires, Jiri"]
[Black "Pisarcik, Richard"]
[Result "1-0"]
[WhiteElo "2096"]
[BlackElo "1506"]
[PlyCount "61"]
[EventDate "2023.04.06"]
[EventType "swiss"]
[EventRounds "9"]
[EventCountry "CZE"]
[SourceTitle "EXT 2024"]
[Source "ChessBase"]
[SourceDate "2023.10.10"]
[SourceVersion "1"]
[SourceVersionDate "2023.10.10"]
[SourceQuality "1"]

1. d4 d5 2. c4 e6 3. Nc3 Nf6 4. Bg5 Be7 5. Nf3 h6 6. Bh4 0-0 7. e3 b6 8. cxd5 exd5 9. Ne5 Bb7 10. Bd3 Nbd7 11. Nxd7 Qxd7 12. 0-0 Rac8 13. Qf3 Rfe8 14. Bf5 Qd6 15. Bxc8 Bxc8 16. Bxf6 Bxf6 17. Qxd5 Qb4 18. Qb5 Qf8 19. Nd5 Bd8 20. Rac1 Re6 21. Nxc7 Bxc7 22. Rxc7 Rg6 23. Rfc1 Bh3 24. g3 Qa8 25. d5 Qd8 26. Rxa7 Qg5 27. Qe8+ Kh7 28. Qxf7 Qe5 29. Ra8 Re6 30. Rcc8 Re8 31. Rxe8 1-0

[Event "Liptovsky Jan op"]
[Site "Liptovsky Jan"]
[Date "2022.06.26"]
[Round "7"]
[White "Brida, Lukas"]
[Black "Pisarcik, Richard"]
[Result "1-0"]
[WhiteElo "1673"]
[BlackElo "1443"]
[PlyCount "75"]
[EventDate "2022.06.23"]
[EventType "swiss"]
[EventRounds "7"]
[EventCountry "SVK"]
[SourceTitle "CBM 209 Extra"]
[Source "ChessBase"]
[SourceDate "2022.09.30"]
[SourceVersion "1"]
[SourceVersionDate "2022.09.30"]
[SourceQuality "1"]

1. d4 Nf6 2. c4 e5 3. dxe5 Ng4 4. e4 Nxe5 5. f4 Nec6 6. Nc3 Bb4 7. Nge2 Qe7 8. Qd3 d6 9. g3 Bxc3+ 10. Nxc3 Na6 11. Bg2 Nab4 12. Qd1 Bg4 13. Qxg4 Nc2+ 14. Kf2 Nxa1 15. Nd5 Qd7 16. Qxg7 0-0-0 17. h4 Kb8 18. Qc3 Ne7 19. Be3 Nxd5 20. cxd5 Rhg8 21. Bh3 Qe7 22. Qd4 b6 23. Rxa1 Ka8 24. a4 c5 25. dxc6 Rxg3 26. Qd5 Kb8 27. Kxg3 Rg8+ 28. Kf3 Qxh4 29. c7+ Kxc7 30. Rc1+ Kb8 31. Qxd6+ Ka8 32. Rc8+ Rxc8 33. Bxc8 Qh1+ 34. Ke2 Qxe4 35. Qc7 Qg2+ 36. Kd3 Qd5+ 37. Kc3 Qa5+ 38. b4 1-0

[Event "SVK-ch U10"]
[Site "Stara Lubovna"]
[Date "2022.05.28"]
[Round "9"]
[White "Sotnik, Simon"]
[Black "Pisarcik, Richard"]
[Result "0-1"]
[WhiteElo "1038"]
[BlackElo "1343"]
[PlyCount "58"]
[EventDate "2022.05.21"]
[EventType "swiss"]
[EventRounds "9"]
[EventCountry "SVK"]
[SourceTitle "CBM 208 Extra"]
[Source "ChessBase"]
[SourceDate "2022.07.31"]
[SourceVersion "1"]
[SourceVersionDate "2022.07.31"]
[SourceQuality "1"]

1. e4 e5 2. Nf3 Nc6 3. Nc3 Nf6 4. Bb5 Bb4 5. d3 d6 6. Bxc6+ bxc6 7. Bd2 0-0 8. 0-0 Re8 9. a3 Bxc3 10. Bxc3 Bg4 11. h3 Bh5 12. Re1 Nd7 13. d4 exd4 14. Bxd4 Rc8 15. Qd3 Re6 16. Rad1 c5 17. Bc3 c4 18. Qd4 Ne5 19. Nxe5 Bxd1 20. Nc6 Qg5 21. Rxd1 Rg6 22. g3 Re8 23. Nxa7 Qh5 24. h4 Qxh4 25. Qxc4 Rxe4 26. Qxc7 Rxg3+ 27. fxg3 Qxg3+ 28. Kf1 Qf3+ 29. Kg1 Rg4+ 0-1

[Event "SVK-ch U10"]
[Site "Stara Lubovna"]
[Date "2022.05.21"]
[Round "1"]
[White "Buday, Alexander"]
[Black "Pisarcik, Richard"]
[Result "0-1"]
[WhiteElo "1000"]
[BlackElo "1343"]
[PlyCount "60"]
[EventDate "2022.05.21"]
[EventType "swiss"]
[EventRounds "9"]
[EventCountry "SVK"]
[SourceTitle "CBM 208 Extra"]
[Source "ChessBase"]
[SourceDate "2022.07.31"]
[SourceVersion "1"]
[SourceVersionDate "2022.07.31"]
[SourceQuality "1"]

1. e4 e5 2. Nf3 Nc6 3. Bc4 Nf6 4. d3 Be7 5. 0-0 d5 6. Nc3 dxc4 7. dxc4 Qxd1 8. Rxd1 Bg4 9. Nb5 Rc8 10. Be3 Nxe4 11. h3 Bxf3 12. gxf3 Nf6 13. Rd2 0-0 14. a4 a6 15. Nc3 Bb4 16. Rb1 e4 17. f4 Na5 18. Bd4 Nxc4 19. Re2 Bxc3 20. bxc3 Nd5 21. Rxe4 Nd2 22. Ree1 Nxb1 23. Rxb1 Nxf4 24. Kf1 Rfe8 25. Rxb7 Ne2 26. Be3 Nxc3 27. Bf4 h6 28. Bxc7 Re7 29. Rb8 Rexc7 30. Rxc8+ Rxc8 0-1

[Event "SVK-ch U10"]
[Site "Stara Lubovna"]
[Date "2021.07.01"]
[Round "7"]
[White "Zelenka, Matej"]
[Black "Pisarcik, Richard"]
[Result "1-0"]
[WhiteElo "1165"]
[BlackElo "1201"]
[PlyCount "120"]
[EventDate "2021.06.26"]
[EventType "swiss"]
[EventRounds "9"]
[EventCountry "SVK"]
[SourceTitle "CBM 203 Extra"]
[Source "ChessBase"]
[SourceDate "2021.09.30"]
[SourceVersion "1"]
[SourceVersionDate "2021.09.30"]
[SourceQuality "1"]

1. e4 e5 2. Nf3 Nc6 3. d4 exd4 4. Nxd4 Bc5 5. Nxc6 Qf6 6. Qf3 dxc6 7. Qxf6 Nxf6 8. f3 Be6 9. Nd2 0-0-0 10. Bc4 Rhe8 11. Bxe6+ Rxe6 12. Nb3 Bb6 13. Ke2 Nd7 14. Be3 f5 15. Bxb6 Nxb6 16. Nc5 Re5 17. Nd3 Re7 18. Nf2 Nc4 19. Rhd1 Nxb2 20. Rxd8+ Kxd8 21. Rb1 Nc4 22. Rxb7 fxe4 23. Nxe4 Nd6 24. Rb8+ Kd7 25. Kd3 Nb5 26. a4 Na3 27. Rb3 Nxc2 28. Kxc2 Re5 29. Rd3+ Ke6 30. Re3 Ke7 31. Kc3 g5 32. Re2 Kd8 33. Ng3 Rd5 34. Rd2 Ke7 35. Rxd5 cxd5 36. Kd4 c6 37. Kc5 Kd7 38. Nf5 h5 39. Nd4 Kc7 40. Nxc6 a6 41. Nb4 a5 42. Nxd5+ Kb7 43. Kb5 Ka7 44. Kxa5 h4 45. g3 hxg3 46. hxg3 Kb7 47. Kb5 Ka7 48. f4 gxf4 49. gxf4 Kb7 50. a5 Ka7 51. a6 Kb8 52. Kb6 Kc8 53. a7 Kd7 54. a8Q Ke6 55. Qc6+ Kf5 56. Qf6+ Ke4 57. Qe5+ Kf3 58. f5 Kf2 59. Qe3+ Kg2 60. Nf4+ Kh1 1-0